| 000 | 00703nam a22002177a 4500 | ||
|---|---|---|---|
| 003 | OSt | ||
| 005 | 20251030062103.0 | ||
| 008 | 251030b |||||||| |||| 00| 0 eng d | ||
| 020 | _a0-314-02772-6. | ||
| 040 |
_aDWCL-Main lib _cOC |
||
| 082 |
_22nd ed. _aCirc. 150 M113p 1995 |
||
| 100 | _aMcmahon, Judith W. | ||
| 245 |
_aPsychology and you 2nd ed. _cMcmahon, Judith W. |
||
| 260 |
_aMinneapolis/St. Paul : _bWest Pub. Co., _cc1995. |
||
| 300 |
_axxvii, 692 pages : _billustration (some colored) ; _c26 cm. |
||
| 504 | _aIncludes bibliographical references and index. | ||
| 650 | _21. Psychology. | ||
| 700 | _aMcmahon, Frank B. | ||
| 700 | _aRomano, Tony | ||
| 942 |
_2ddc _cBK-CIRC _e2nd ed. _kCirc. _n0 |
||
| 999 |
_c5342 _d5342 |
||